000 01396nam a2200325 c 4500
999 _c57631
_d57631
003 BLK
005 20221011155412.0
008 180408b bul|||||r ||||||| ||bul||
010 _aKNG00061637000
040 _aBLK
041 _aBUL
_cBUL
080 _aЛитература в основното училище. Методика на обучението
_b373.3.016:821
_z373.3.016:821
080 _aЛитература на отделни езици и езикови семейства
_b821
_x(07)
_z821(07)
100 1 _aСтефанов, Чавдар П.
_eпърви автор
_9287743
139 _aСтефанов, Чавдар П.
_bС 75
245 1 0 _aАнализът в урока по литература
_bВ помощ на учителите
_cЧавдар П. Стефанов.
257 _aBGR
260 _aСофия
_bНар. просв.
_c1975
_fВраца : печ. В. Александров
300 _a167 с.
_c20 см
380 _a3
500 _a15 101 тир. - Библиогр. под линия
650 4 _aЛитература - методика на преподаването
_9242854
653 _aлитература
653 _aметодика на преподаването
852 _aЦб 78846
856 4 _qpdf
_i0.00
_ldisable
856 4 _qpdf
_i0.00
_ldisable
942 _cKNG
_n0
_01
_s1
944 _aCR
_c13.06.2004
_kЧиталня
944 _aED
_c30.09.2015
_kВаля_Йорданова
944 _aED
_c2022-10-11
_kХристина Везирева
999 _d57631